| 000 | 01145nam0a22003131 4500 | ||
|---|---|---|---|
| 001 | RU\NLR\INFOCOMM_253\5000026623 | ||
| 005 | 20250613094043.0 | ||
| 035 | _a(NLR Aleph) 009237229 | ||
| 090 |
_a8902857 _c8902857 |
||
| 100 | _a20100630d1980 |||y0rusy50 ca | ||
| 101 | 0 | _aeng | |
| 102 | _aRU | ||
| 105 | _aa ||||000|y | ||
| 200 | 1 |
_aQuasinuclear baryonium in e⁺e⁻→annihilation _fO. D. Dalkarov, V. G. Ksenzov |
|
| 210 |
_aМ. _cИТЭФ _d1980 |
||
| 215 |
_a23 с. _cил. _d26 см |
||
| 225 | 1 |
_aInstitute of theoretical and experimental physics _vITEP-116 |
|
| 300 | _aВ вып. дан.: Квазиядерный бариони в e⁺e⁻→аннигиляции / О. Д. Далькаров | ||
| 320 | _aБиблиогр.: с. 23 | ||
| 606 |
_aЭлектронно-позитронные пары _xАннигиляция _2nlr_sh1 |
||
| 686 |
_aВ382.3 _2rubbk |
||
| 700 | 1 |
_9z01790 _aDal'karov _bO. D. _gOleg Dmitrievič _4070 |
|
| 701 | 1 |
_aKsenzov _bV. G. _4070 |
|
| 790 | 1 |
_9z01700 _aDalkarov _bO. D. _4070 |
|
| 801 | 1 |
_aRU _bNLR _c20100630 |
|
| 801 | 0 |
_aRU _bNLR _gPSBO |
|
| 852 |
_aNLR _jФз01 Д-8/369 |
||
| 942 | _cBOOK | ||
| 980 | _aNB | ||